Vista normal
Vista MARC
Entrada Topical Term
Número de registros utilizados en: 1
001 - CONTROL NUMBER
- control field: 2889
003 - CONTROL NUMBER IDENTIFIER
- control field: OSt
005 - DATE AND TIME OF LATEST TRANSACTION
- control field: 20200413095916.0
008 - FIXED-LENGTH DATA ELEMENTS
- fixed length control field: 200413|| aca||aabn | a|a d
040 ## - CATALOGING SOURCE
- Original cataloging agency: OSt
- Transcribing agency: OSt
150 ## - HEADING--TOPICAL TERM
- Topical term or geographic name entry element: Desarrollo sotenible
670 ## - SOURCE DATA FOUND
- Source citation: Work cat.: (OSt)4957: Velásquez Muñoz, Carlos Javier, autor 2888, Ciudad y desarrollo sostenible /, 2012